La contaduría pública (Record no. 230)

MARC details
000 -CABECERA
campo de control de longitud fija 01010nam a2200229 a 4500
001 - NÚMERO DE CONTROL
campo de control BRCA_286
005 - FECHA Y HORA DE LA ÚLTIMA TRANSACCIÓN
campo de control 20190320202939.0
008 - DATOS DE LONGITUD FIJA--INFORMACIÓN GENERAL
campo de control de longitud fija 850822s1983 mx-a---##c---f000-0#spa-#
020 ## - NÚMERO INTERNACIONAL ESTÁNDAR DEL LIBRO
Número Internacional Estándar del Libro 968580642X
040 ## - FUENTE DE LA CATALOGACIÓN
Centro catalogador/agencia de origen DLC
Centro/agencia transcriptor DLC
Centro/agencia modificador DLC
050 #4 - SIGNATURA TOPOGRÁFICA DE LA BIBLIOTECA DEL CONGRESO
Número de clasificación HF5605
Número de documento/Ítem .C66 1983
245 10 - MENCIÓN DE TÍTULO
Título La contaduría pública
Resto del título estudio de su génesis y de su evolución hasta nuestros días
Mención de responsabilidad, etc. Museo Universitario de Ciencias y Arte ; Colegio de Contadores Públicos de México, Centro de Investigación y Servicios Museológicos, UNAM.
260 ## - PUBLICACIÓN, DISTRIBUCIÓN, ETC.
Lugar de publicación, distribución, etc. Ciudad Universitaria, México
Fecha de publicación, distribución, etc. 1983
300 ## - DESCRIPCIÓN FÍSICA
Extensión 143 p.
Otras características físicas il.
Dimensiones 25 cm.
500 ## - NOTA GENERAL
Nota general Catálogo de la exposicón realizada en el Museo Universitario de Ciencias y Arte de la UNAM (Ciudad de México), octubre 1979- febrero 1980
500 ## - NOTA GENERAL
Nota general Incluye índice de citas
504 ## - NOTA DE BIBLIOGRAFÍA, ETC.
Nota de bibliografía, etc. Bibliografía: p. 143
650 14 - PUNTO DE ACCESO ADICIONAL DE MATERIA--TÉRMINO DE MATERIA
Término de materia o nombre geográfico como elemento de entrada Contabilidad
Subdivisión general Historia
9 (RLIN) 960
650 14 - PUNTO DE ACCESO ADICIONAL DE MATERIA--TÉRMINO DE MATERIA
Término de materia o nombre geográfico como elemento de entrada Contabilidad en el arte
Subdivisión general Exposiciones
9 (RLIN) 961
710 2# - PUNTO DE ACCESO ADICIONAL--NOMBRE DE ENTIDAD CORPORATIVA
Nombre de entidad corporativa o nombre de jurisdicción como elemento de entrada UNAM
Unidad subordinada Museo Universitario de Ciencias y Arte
9 (RLIN) 962
942 ## - ELEMENTOS DE PUNTO DE ACCESO ADICIONAL (KOHA)
Fuente del sistema de clasificación o colocación Library of Congress Classification
Tipo de ítem Koha Libros
Holdings
Estado de retiro Estado de pérdida Estado dañado No para préstamo Localización permanente Ubicación/localización actual Fecha de adquisición Total de préstamos Signatura topográfica completa Código de barras Fecha visto por última vez Precio válido a partir de Tipo de ítem Koha
El ejemplar forma parte de la colección y puede ser consultado según las políticas vigentes.       Biblioteca del Museo Franz Mayer (Rogerio Casas-Alatriste) Biblioteca del Museo Franz Mayer (Rogerio Casas-Alatriste) 25/06/2008   HF5605 .C66 1983 00381 22/03/2019 22/03/2019 Libros